|
|
|
|
| LEADER |
01064nam a2200229 4500 |
| 001 |
c000074501 |
| 003 |
CARM |
| 005 |
00000000000000.0 |
| 008 |
710324s1971 nyu 00001 eng |
| 019 |
1 |
|
|a 555639
|5 LACONCORD2021
|
| 020 |
|
|
|a 0394460472
|
| 035 |
|
|
|a (OCoLC)127427
|5 LACONCORD2021
|
| 050 |
0 |
0 |
|a PZ4.K872
|b El
|a PS3561.O85
|
| 100 |
1 |
|
|a Kotzwinkle, William,
|d 1939-
|
| 245 |
1 |
|
|a Elephant bangs train.
|
| 260 |
|
|
|a New York,
|b Pantheon Books
|c [1971]
|
| 300 |
|
|
|a 148 p.
|c 22 cm.
|
| 505 |
0 |
|
|a A most incredible meal.--Marie.--Follow the eagle.--The doorman.--The bird watcher.--The jewel of Amitaba.--Nippy.--Elephant bangs train.--The magician.--Turning point.--Tiger bridge.--Stroke of good luck: a true nurse romance.--The trap.--Soldier in the blanket.--The great liar.--Elephant's graveyard.
|
| 852 |
8 |
|
|b CARM
|h A2:AB13B0
|i B02434
|p 0106402
|f BK
|
| 082 |
0 |
4 |
|a 813/.5/4
|
| 999 |
f |
f |
|i 95f71b1c-0ada-5503-9a6c-7a1df057370d
|s 138849ab-6527-5f5c-8461-f2ea3a5844df
|
| 952 |
f |
f |
|p Can circulate
|a CAVAL
|b CAVAL
|c CAVAL
|d CARM 1 Store
|e B02434
|f A2:AB13B0
|h Other scheme
|i book
|m 0106402
|